Music Quiz

Random Music or Bands Quiz

'The' Bands Quiz Stats

 Plays Quiz Updated Jul 6, 2016

Score 0/38 Timer 06:00
33 Plays Today
Song Band % Correct
Hey JudeThe Beatles
97.8%
SatisfactionThe Rolling Stones
81%
RoxanneThe Police
79.2%
Pinball WizardThe Who
75.8%
ABCThe Jackson 5
75.2%
Light My FireThe Doors
69.6%
Mr. BrightsideThe Killers
68%
Seven Nation ArmyThe White Stripes
64.6%
KokomoThe Beach Boys
61%
Love ShackThe B-52's
59.9%
How to Save a LifeThe Fray
58.9%
Should I Stay or Should I GoThe Clash
57%
I'm a BelieverThe Monkees
51.1%
Pretty Fly (for a White Guy)The Offspring
50.1%
My GirlThe Temptations
43.8%
LingerThe Cranberries
37.7%
I'm Gonna Be (500 Miles)The Proclaimers
37.2%
Ramblin' ManThe Allman Brothers Band
34.8%
Bullet with Butterfly WingsThe Smashing Pumpkins
31.9%
Song Band % Correct
The WeightThe Band
29.4%
One HeadlightThe Wallflowers
27.1%
ReptiliaThe Strokes
26.9%
We Got the BeatThe Go-Go's
26.9%
Come DancingThe Kinks
26.8%
LumpThe Presidents of the United States of America
24.1%
LovesongThe Cure
24%
The FreshmenThe Verve Pipe
22.5%
Don't Get Me WrongThe Pretenders
21.5%
She Talks to AngelsThe Black Crowes
18.3%
You Might ThinkThe Cars
17.6%
The Impression That I GetThe Mighty Mighty Bosstones
17.2%
Wake Up Little SusieThe Everly Brothers
16.4%
What a Fool BelievesThe Doobie Brothers
15.4%
The Boy with the Thorn in His SideThe Smiths
13.9%
Sweet JaneThe Velvet Underground
13.3%
Eye in the SkyThe Alan Parsons Project
8.6%
The Lion Sleeps TonightThe Tokens
8.5%
Take It OffThe Donnas
3.4%

You're not logged in!

Compare scores with friends on all Sporcle quizzes.
OR
Log In

Sporcle TV

Today on Sporcle TV


Watch our educational content, quiz creation guides, and fun videos on Sporcle TV.

Show Comments

Extras

Top Quizzes Today


Score Distribution

Your Account Isn't Verified!

In order to create a playlist on Sporcle, you need to verify the email address you used during registration. Go to your Sporcle Settings to finish the process.

Report this User

Report this user for behavior that violates our Community Guidelines.

Details: